000
00264nam a2200109Ia 4500
008
231219s9999 xx 000 0 und d
041
_a
eng
100
_a
M. Vygodsky.
245
_a
Mathematical Handbook.
260
_b
MIR Publishar Moscow.
650
_a
Management
999
_c
974469
_d
974469